Výpočetní metody ve tváření

Saved in:
Bibliographic Details
Main Authors: Petruželka, Jiří (Author), Hrubý, Jiří (Author)
Format: Book
Language:Czech
Published: Ostrava : VŠB-Technická univerzita Ostrava, 2000
Edition:1. vyd
Subjects:
Tags: Add Tag
No Tags, Be the first to tag this record!

MARC

LEADER 00000nam a22000003a 4500
001 stu135854
005 20150617225925.1
008 070108s2000----xr------------------cze-d
020 |a 80-7078-728-7 
040 |a STU  |b slo 
041 0 |a cze 
044 |a xr 
080 |a 621.77 
100 1 |a Petruželka, Jiří  |4 aut 
245 1 |a Výpočetní metody ve tváření 
250 |a 1. vyd 
260 |a Ostrava :  |b VŠB-Technická univerzita Ostrava,  |c 2000 
300 |a 174 s 
650 7 |a tvárnenie  |2 stusub 
700 1 |a Hrubý, Jiří  |4 aut 
996 |b 284M075634  |c M*S-1282-1  |l MMKN  |s A  |a 24  |w stu135854_0001 
996 |b 284M075633  |c M*S-1282-2  |l MMKN  |s A  |a 24  |w stu135854_0002